An Introduction to Probability and Statistics
Ebook from Proquest
Zapisane w:
| 1. autor: | |
|---|---|
| Kolejni autorzy: | |
| Format: | Książka |
| Język: | Undetermined |
| Wydane: |
John Wiley & Sons, Incorporated
2015
|
| Hasła przedmiotowe: | |
| Dostęp online: | http://lrc.tdmu.edu.vn/opac/search/detail.asp?aID=2&ID=41945 |
| Etykiety: |
Dodaj etykietę
Nie ma etykietki, Dołącz pierwszą etykiete!
|
| Thư viện lưu trữ: | Trung tâm Học liệu Trường Đại học Thủ Dầu Một |
|---|
| LEADER | 00721nam a2200193Ia 4500 | ||
|---|---|---|---|
| 001 | TDMU_41945 | ||
| 008 | 210410s9999 xx 000 0 und d | ||
| 082 | |a 398.209 5977 | ||
| 100 | |a Rohatgi, Vijay K | ||
| 245 | 3 | |a An Introduction to Probability and Statistics | |
| 245 | 0 | |c Vijay K. Rohatgi, A. K. Ehsanes Saleh | |
| 260 | |a John Wiley & Sons, Incorporated | ||
| 260 | |c 2015 | ||
| 300 | |a 1052Pages | ||
| 520 | |a Ebook from Proquest | ||
| 650 | |a Mathematicial |x Probability and statistics ; Toán học |x Xác suất thống kê | ||
| 700 | |a Saleh, A. K. Ehsanes | ||
| 856 | |u http://lrc.tdmu.edu.vn/opac/search/detail.asp?aID=2&ID=41945 | ||
| 980 | |a Trung tâm Học liệu Trường Đại học Thủ Dầu Một | ||